Statistics for Destinationer fra Aarhus Lufthavn

Click here to take the quiz!

General Stats

  • This quiz has been taken 7 times
  • The average score is 9 of 22

Answer Stats

LandFlyselskaberDestination% Correct
DanmarkSASKøbenhavn / CPH
100%
SpanienNorwegianAlicante / ALC
67%
DanmarkDATBornholm / RNN
67%
RumænienWizz AirBukarest / OTP
67%
PortugalRyanairFaro / FAO
67%
StorbritannienRyanairLondon / STN
67%
SpanienRyanair,
Norwegian
Malaga / AGP
67%
NorgeSASOslo / OSL
67%
CypernAarhus CharterPafos / PFO
67%
LetlandRyanairRiga / RIX
67%
SverigeSASStockholm / ARN
67%
SverigeBraathens Regional AirlineStockholm / BMA
67%
PortugalAarhus CharterFunchal / FNC
33%
SpanienAarhus CharterTenerife / TFS
33%
KroatienRyanairZadar / ZAD
33%
GrækenlandAarhus CharterChania / CHQ
0%
PolandRyanairGdansk / GDN
0%
EgyptenSunwebHurghada / HRG
0%
GrækenlandRyanairKorfu / CFU
0%
ItalienRyanairMilano / MXP
0%
SpanienRyanair,
Norwegian
Palma de Mallorca / PMI
0%
GrækenlandAarhus CharterPreveza / PVK
0%

Score Distribution

Percentile by Number Answered

Percent of People with Each Score

Your Score History

You have not taken this quiz